000 00841cab a2200217 4500
001 ABS38241
008 090401t1987 xxu||||| |||| 00| 0 eng d
035 _a(Sirsi) u9461
041 _aeng
100 _aPowell-Smith, V.
245 _aFinal certificate issue - keeping to a strict timetable
260 _c1987
350 _a0
490 _aContract Journal
_v339(5633) 1 October 1987, 7(1)
520 _aDiscusses the amendments to JCT 1980 clause 30 governing the issuing of the final account and final certificate in a building contract. Mentions the decision in Fairclough Building Ltd v Rhuddlan Borough Council , CA 24 July 1985, see Abstract 35560.
650 _aBUILT ENVIRONMENT-BUILDING CONTRACT FORMS
650 _aNOMINATION
690 _aBUILT ENVIRONMENT-BUILDING CONTRACT FORMS
942 _n0
948 _c04/03/1997
999 _c5913
_d5913